Books of the Bible written by Paul - Statistics

General Stats
  • This quiz has been taken 29 times
  • The average score is 11 of 13
Answer Stats
Book % Correct
Romans
100%
Ephesians
96%
Galatians
91%
1 Timothy
87%
Titus
87%
1 Corinthians
83%
2 Timothy
83%
1 Thessalonians
78%
2 Corinthians
78%
2 Thessalonians
78%
Colossians
78%
Philemon
74%
Philipians
52%
No matching quizzes found
Score Distribution
Percent of People with Each Score
Percentile by Number Answered
Your Score History
You have not taken this quiz